Cartas escogidas

Na minha lista:
Detalhes bibliográficos
Autor principal: Gould, Glenn (Autor)
Formato: Livro
Idioma:espanhol
Publicado em: Barcelona Global rhythm 2011
Edição:1a. ed
Assuntos:
Tags: Adicionar Tag
Sem tags, seja o primeiro a adicionar uma tag!

MARC

LEADER 00000cam a2200000 a 4500
001 UCF2645
003 CL-VaPUC
008 120830e20110400SP |||||||||||||||||spa|d
020 |a 9788496879560 
082 0 4 |a 927.78092  |b GOU  |2 21 
100 0 |a Gould, Glenn  |e author  |9 564372 
245 1 0 |a Cartas escogidas 
250 |a 1a. ed 
300 |a 309 p 
942 |c BK 
945 |d 20120830 00:00:00  |a dcastane 
260 |a Barcelona  |b Global rhythm  |c 2011 
650 0 |a Biografías  |9 255210 
650 0 |a Pianistas  |9 306502 
650 0 |a Cartas  |9 321777 
650 0 |a Correspondencia  |9 258963 
583 |a last modification  |c 20120830 10:25:00  |k Rodrigo Vera 
999 |c 349186  |d 349184 
952 |0 0  |1 0  |4 0  |6 927_780920000000000_GOU_2011  |7 0  |8 A  |9 451675  |a BIBART  |b BIBART  |d 2019-11-22  |i 4897641  |o 927.78092 GOU 2011  |p 4897641  |r 2025-03-13  |w 2019-11-22  |y BK  |k ART